000 00545nam a22001697a 4500
999 _c60736
_d60736
005 20231016161412.0
008 231016s1994 ru ||||| |||| 00| 0 rus d
020 _a528002015X
041 _arus
080 _a902+821 K-48
100 _aКлейн, Л.С.
_920095
245 _aБесплотные герои:
_bпроисхождение образов «Илиады»/
_cЛ.С. Клейн.
264 _aСПб:
_bФарн,
_c1994.
300 _a192 стр.:
_bил.;
_c20 см.
653 _aარქეოლოგია
942 _2udc
_cBK